El rapacín de Candás (Record no. 170705)

MARC details
000 -LEADER
campo de control de longitud fija 00833nam a22001815i 4500
001 - NÚMERO DE CONTROL
campo de control 170705
003 - IDENTIFICADOR DE NÚMERO DE CONTROL
campo de control ES-MaACL
005 - FECHA Y HORA DE LA ÚLTIMA TRANSACCIÓN
campo de control 20230906214435.0
008 - DATOS DE LONGITUD FIJA--INFORMACIÓN GENERAL
campo de control de longitud fija 090331s1864 sp |||| | spa d
100 0# - ENTRADA PRINCIPAL--NOMBRE DE PERSONA
Nombre de persona García Cuevas, Francisco.
9 (RLIN) 54396
245 13 - MENCIÓN DEL TÍTULO
Título El rapacín de Candás
Resto del título : zarzuela en un acto y en verso /
Mención de responsabilidad, etc. original de Francisco García Cuevas ; música Gabriel Balart.
260 ## - PUBLICACIÓN, DISTRIBUCIÓN, ETC.
Lugar de publicación, distribución, etc. Madrid :
Nombre del editor, distribuidor, etc. [s.n.],
Fecha de publicación, distribución, etc. 1864 (
Fabricante Imp. M. Rivadeneyra)
300 ## - DESCRIPCIÓN FÍSICA
Extensión 40 p. ;
Dimensiones 19 cm.
500 ## - NOTA GENERAL
Nota general En port.: Representada por primera vez en el teatro del Circo, el 14 de octubre de 1864.
500 ## - NOTA GENERAL
Nota general Solo el texto.
700 1# - ENTRADA AGREGADA--NOMBRE PERSONAL
Nombre de persona Balart, Gabriel.
9 (RLIN) 125787
852 ## - LOCALIZACIÓN
Ubicación ES-MaACL
Número de control de estantería F-8554(4)
Nota libre .- Enc. pasta española
condición física .- Falto de la cub. original
Nota libre .- Enc. en vol. facticio formando parte de la col. facticia "Teatro español moderno", v. 6
Holdings
Estatus retirado Estado de pérdida Estado de daño No para préstamo Colección Biblioteca de origen Biblioteca actual Ubicación en estantería Fecha de adquisición Fuente de adquisición Total de préstamos Signatura topográfica completa Código de barras Visto por última vez Precio de reemplazo Tipo de ítem Koha
        Libros del s. XIX Biblioteca del Ateneo de Madrid Biblioteca del Ateneo de Madrid Sala Pecera Planta 2 31/03/2009     F-8554(4) 1179147 23/02/2023 23/02/2023 Libro impreso antiguo